[Event "POLFINAL MISTRZOSTW POLSKI JUNIOROW 2019 - C13"]
[Site "Ustron"]
[Date "1899-12-30"]
[Round "1.25"]
[White "Rzenca, Jerzy"]
[Black "Gibas, Aleksander"]
[Result "1-0"]
[WhiteTitle "II+"]
[BlackTitle "III"]
[WhiteElo "1483"]
[BlackElo "1010"]

1. e4 e5 2. Nc3 Nf6 3. Bc4 Nc6 4. d3 Bc5 5. f4 d6 6. Nf3 Bg4 7. Na4 Bb6 8. Nxb6
axb6 9. O-O Nd4 10. fxe5 dxe5 11. Bxf7+ Ke7 12. Bc4 b5 13. Bb3 c6 14. h3 Nxf3+
15. gxf3 Bxh3 16. Rf2 Qb6 17. Qe1 h6 18. Be3 Qc7 19. Rh2 Be6 20. Qb4+ Kd7 21.
Rd1 Bxb3 22. Qxb3 Kc8 23. Qe6+ Kb8 24. a3 b6 25. Bxh6 Re8 26. Qf5 Qe7 27. Be3
Kb7 28. Rdd2 Rf8 29. Bg5 Rad8 30. Rdg2 Ka6 31. Bxf6 Rxf6 32. Qg4 Qc5+ 33. Kh1
Qe3 34. Re2 Qxf3+ 35. Qxf3 Rxf3 36. Ref2 Re3 37. Rh7 Rg8 38. Kg2 Re1 39. Rh1 Re3
40. Rhf1 c5 41. Rf8 Re2+ 42. R1f2 Rxf2+ 43. Rxf2 Kb7 44. Rf5 Kc6 45. Rxe5 Kd6
46. Rg5 g6 47. Kf3 Ke6 48. Ke3 Kf6 49. Rg2 g5 50. c3 Rh8 51. Rf2+ Ke6 52. d4 Rh3+
53. Rf3 Rh2 54. d5+ Ke5 55. Rf5+ Kd6 56. Rf6+ Kc7 57. d6+ Kd7 58. e5 Rxb2 59.
Rf7+ Ke8 60. e6 Rb1 61. d7+ 1-0

[Event "POLFINAL MISTRZOSTW POLSKI JUNIOROW 2019 - C13"]
[Site "Ustron"]
[Date "1899-12-30"]
[Round "2.1"]
[White "Zimny, Jakub"]
[Black "Wojdak, Jan"]
[Result "0-1"]
[WhiteTitle "II"]
[BlackTitle "I++"]
[WhiteElo "1510"]
[BlackElo "2062"]

1. e4 c5 2. Nf3 Nc6 3. d4 cxd4 4. Nxd4 Qb6 5. Nb3 Nf6 6. Nc3 e6 7. Be3 Qc7 8. Nb5
Qb8 9. Bd3 a6 10. N5d4 d6 11. Qd2 Qc7 12. O-O-O Be7 13. f4 Bd7 14. f5 Ne5 15.
fxe6 fxe6 16. Rhf1 O-O 17. Nf3 Nxd3+ 18. Qxd3 Bb5 19. c4 Qxc4+ 20. Qxc4 Bxc4 21.
Rfe1 Nxe4 22. Bd4 Bxb3 23. axb3 d5 24. Kc2 Rac8+ 25. Bc3 b5 26. Kb1 Rxc3 27. bxc3
Nxc3+ 28. Kc2 Nxd1 29. Rxe6 Kf7 30. Re2 Bf6 31. Kxd1 Rc8 32. Kd2 b4 33. Ne5+ Bxe5
34. Rxe5 Rc5 35. Kd3 Rc3+ 36. Kd4 Rxb3 37. Rxd5 Rb2 38. Rg5 Kf6 39. Ra5 Rxg2 40.
Rxa6+ Kf5 41. Ra5+ Kg4 42. Kc4 Rxh2 43. Kxb4 g5 44. Kc3 Re2 45. Kd3 Re7 46. Ra1
h5 47. Rg1+ Kf5 48. Rf1+ Kg6 0-1

[Event "POLFINAL MISTRZOSTW POLSKI JUNIOROW 2019 - C13"]
[Site "Ustron"]
[Date "1899-12-30"]
[Round "2.2"]
[White "Halhoul, Adam"]
[Black "Dziewonski, Dariusz"]
[Result "0-1"]
[WhiteTitle "II+"]
[BlackTitle "I+"]
[WhiteElo "1491"]
[BlackElo "1868"]

1. d4 d5 2. c4 e6 3. Nc3 Nf6 4. cxd5 exd5 5. Bg5 Be7 6. e3 c6 7. Bd3 Nbd7 8. Nge2
Nb6 9. a4 a5 10. h3 Nh5 11. Bxe7 Qxe7 12. g4 Nf6 13. Ng3 Be6 14. Qc2 g6 15. O-O-O
O-O-O 16. g5 Nfd7 17. h4 h6 18. e4 hxg5 19. exd5 Nxd5 20. Nxd5 Bxd5 21. Rhe1 Qb4
22. Qc3 Qxc3+ 23. bxc3 gxh4 24. Ne4 Bxe4 25. Bxe4 Nf6 26. Bf3 Nd5 27. Kd2 Rde8
28. Rg1 Rh6 29. Rb1 Rd8 30. Rge1 h3 31. Bh1 g5 32. Be4 Rf6 33. f3 Rf4 34. Rh1
Nf6 35. Rxh3 Nxe4+ 36. fxe4 Rxe4 37. Rf1 Rd7 38. Rf5 Rg4 39. Rxa5 Rg2+ 40. Kd3
g4 41. Rh8+ Kc7 42. Rg5 f6 43. Rgg8 f5 44. a5 f4 45. c4 Rg3+ 46. Kc2 Rxd4 47.
c5 Rc4+ 48. Kd2 Rxc5 49. Rc8+ Kd6 50. Rcd8+ Ke7 51. Rhe8+ Kf6 52. Rf8+ Kg5 53.
Rg8+ Kf5 54. Rgf8+ Ke4 55. Rb8 Rg2+ 56. Kd1 Rxa5 57. Rbe8+ Kf3 0-1

[Event "POLFINAL MISTRZOSTW POLSKI JUNIOROW 2019 - C13"]
[Site "Ustron"]
[Date "1899-12-30"]
[Round "2.3"]
[White "Wieczorek, Mikolaj"]
[Black "Rzenca, Jerzy"]
[Result "1-0"]
[WhiteTitle "I"]
[BlackTitle "II+"]
[WhiteElo "1792"]
[BlackElo "1483"]

1. e4 c6 2. d4 d5 3. Nc3 dxe4 4. Nxe4 Bf5 5. Ng3 Bg6 6. h4 h6 7. Nf3 Nd7 8. h5
Bh7 9. Bd3 Bxd3 10. Qxd3 e6 11. Bd2 Ngf6 12. O-O-O Be7 13. Ne4 Nxe4 14. Qxe4 Nf6
15. Qe2 Qd5 16. c4 Qe4 17. Qxe4 Nxe4 18. Be3 f5 19. Nd2 Nf6 20. Nb3 b6 21. f3
O-O-O 22. Bf4 Bd6 23. Be5 Ne8 24. Rde1 Bxe5 25. dxe5 c5 26. Rd1 Rxd1+ 27. Kxd1
Rf8 28. Ke2 Rf7 29. Nc1 Nc7 30. Nd3 Rd7 31. Rh3 Ne8 32. b3 Re7 33. Nf4 Kd8 34.
g4 fxg4 35. fxg4 Rf7 36. Rd3+ Kc8 37. Ke3 Nc7 38. Rd6 Rd7 39. Ke4 Kd8 40. Nxe6+
Nxe6 41. Rxe6 Rf7 42. Rg6 Re7 43. Kd5 Rd7+ 44. Rd6 Ke7 45. Rxd7+ Kxd7 46. e6+
Ke7 47. Ke5 a6 48. Kd5 b5 49. cxb5 axb5 50. Kxc5 1-0

[Event "POLFINAL MISTRZOSTW POLSKI JUNIOROW 2019 - C13"]
[Site "Ustron"]
[Date "1899-12-30"]
[Round "2.4"]
[White "Maslanka, Wojciech"]
[Black "Stefaniuk, Zbigniew"]
[Result "1-0"]
[WhiteTitle "I"]
[BlackTitle "II"]
[WhiteElo "1614"]
[BlackElo "1446"]

1. e4 c5 2. d4 cxd4 3. c3 dxc3 4. Nxc3 Nc6 5. Nf3 e6 6. Bc4 Nf6 7. O-O Qc7 8. Qe2
Ng4 9. g3 a6 10. Bf4 Bd6 11. Bxd6 Qxd6 12. Rfd1 Qc5 13. Rac1 Qh5 14. h4 b5 15.
Nh2 Nf6 16. Qxh5 Nxh5 17. Bb3 Bb7 18. Rd6 Nf6 19. Rcd1 Ke7 20. Ng4 Rhd8 21. Nxf6
gxf6 22. f4 Na5 23. e5 f5 24. Kf2 Rac8 25. R6d2 Nc4 26. Bxc4 Rxc4 27. Rd6 b4 28.
Ne2 a5 29. R1d2 Be4 30. Nd4 Rc1 31. Nb3 Rh1 32. Nxa5 Rh2+ 33. Ke3 Rxd2 34. Rxd2
Ra8 35. Nc4 Rxa2 36. Kd4 Ra8 37. Kc5 Rg8 38. Nb6 Bc6 39. Rd3 Rb8 40. b3 Rb7 41.
Rd4 Kd8 42. Rxb4 Kc7 43. Na8+ Kb8 44. Rxb7+ Kxb7 45. Nb6 Kc7 46. Nc4 Bf3 47. Nd6
Bh5 48. Ne8+ Kd8 49. Nf6 Bd1 50. b4 h5 51. Kd6 Kc8 52. Nxd7 Kd8 53. Nf6 Be2 54.
Kc6 Ke7 55. b5 Kd8 56. b6 Bf3+ 57. Kd6 Kc8 58. Ke7 Kb7 59. Kxf7 1-0

[Event "POLFINAL MISTRZOSTW POLSKI JUNIOROW 2019 - C13"]
[Site "Ustron"]
[Date "1899-12-30"]
[Round "2.5"]
[White "Jendrowiak, Maciej"]
[Black "Kusiak, Mateusz"]
[Result "0-1"]
[WhiteTitle "II"]
[BlackTitle "I"]
[WhiteElo "1472"]
[BlackElo "1597"]

1. d4 Nf6 2. c4 g6 3. Nf3 Bg7 4. b3 c5 5. e3 O-O 6. Bb2 d5 7. Be2 Nc6 8. O-O Bg4
9. Nc3 dxc4 10. d5 Bxf3 11. Bxf3 Ne5 12. Be2 Nd3 13. Bxd3 cxd3 14. Qxd3 Nxd5 15.
Qxd5 Qxd5 16. Nxd5 Bxb2 17. Nxe7+ Kg7 18. Rab1 Bf6 19. Nd5 Rfd8 20. Nxf6 Kxf6
21. Rfd1 Ke6 22. Rbc1 a5 23. a4 Rxd1+ 24. Rxd1 Ra6 25. Kf1 Rb6 26. Rd3 Rb4 27.
Rc3 Kd5 28. Ke2 c4 29. bxc4+ Rxc4 30. Ra3 Rc2+ 31. Ke1 Kc4 32. g4 Kb4 33. Ra1
Kb3 34. Rb1+ Rb2 35. Ra1 g5 36. h3 f6 37. Kf1 h6 38. Kg2 Kc2 39. Kg3 Rb4 40. f4
Kb2 41. Rd1 Rxa4 42. Rd5 Ra3 43. Kf2 a4 44. fxg5 hxg5 45. Ke2 Rc3 46. Rb5+ Rb3
47. Rd5 b5 48. Kd2 a3 49. Rc5 a2 50. Rc2+ Ka3 51. Rc1 Rb1 52. Rc3+ Ka4 53. Kc2
a1=Q 54. h4 Qb2+ 55. Kd3 Rd1+ 56. Ke4 Qxc3 57. hxg5 Qd3+ 0-1

[Event "POLFINAL MISTRZOSTW POLSKI JUNIOROW 2019 - C13"]
[Site "Ustron"]
[Date "1899-12-30"]
[Round "2.6"]
[White "Miler, Franciszek"]
[Black "Czernecki, Andrzej"]
[Result "0-1"]
[WhiteTitle "II"]
[BlackTitle "II+"]
[WhiteElo "1355"]
[BlackElo "1569"]

1. e4 c5 2. Nf3 d6 3. d4 cxd4 4. Nxd4 Nf6 5. Nc3 Nc6 6. Bg5 e6 7. Qd2 a6 8. O-O-O
Bd7 9. f4 h6 10. Bh4 Nxe4 11. Qe1 Nf6 12. Nf5 Qa5 13. Nxd6+ Bxd6 14. Rxd6 Ne7
15. Bxf6 gxf6 16. Qd2 Bc6 17. Qd4 Nd5 18. Bc4 Nxc3 19. bxc3 Ke7 20. Rd1 Rad8 21.
Kb1 Qc7 22. Rxd8 Rxd8 23. Qc5+ Ke8 24. Re1 Qd6 25. Qh5 Bd5 26. Bxd5 Qxd5 27. Qxh6
Qd2 28. Qh4 Qxc3 29. Re2 Qb4+ 0-1

[Event "POLFINAL MISTRZOSTW POLSKI JUNIOROW 2019 - C13"]
[Site "Ustron"]
[Date "1899-12-30"]
[Round "2.7"]
[White "Goral, Jan"]
[Black "Tarawski, Adrian"]
[Result "0-1"]
[WhiteTitle "I"]
[BlackTitle "II+"]
[WhiteElo "1564"]
[BlackElo "1431"]

1. Nf3 Nf6 2. d4 g6 3. c4 Bg7 4. g3 O-O 5. Bg2 c6 6. O-O d6 7. Nc3 Qc7 8. Qc2 e5
9. Rd1 Re8 10. e4 Nbd7 11. b3 a5 12. a4 Nb6 13. Ba3 Bg4 14. Bxd6 Qxd6 15. dxe5
Qe6 16. exf6 Qxf6 17. e5 Rxe5 18. Ne4 Qe7 19. Nxe5 Bxd1 20. Rxd1 Qxe5 21. Nd6
Rb8 22. Qe4 Rd8 23. f4 Qc5+ 24. Kh1 Rxd6 25. Qe8+ Bf8 26. Rxd6 Qxd6 0-1

[Event "POLFINAL MISTRZOSTW POLSKI JUNIOROW 2019 - C13"]
[Site "Ustron"]
[Date "1899-12-30"]
[Round "2.8"]
[White "Bochenek, Ryszard"]
[Black "Karut, Kacper"]
[Result "1-0"]
[WhiteTitle "II"]
[BlackTitle "II+"]
[WhiteElo "1324"]
[BlackElo "1536"]

1. e4 c5 2. b3 d6 3. Bb2 Nc6 4. Bb5 Bd7 5. Bxc6 Bxc6 6. Nc3 Nf6 7. Qe2 e6 8. f4
Be7 9. Nf3 O-O 10. O-O-O a6 11. d4 cxd4 12. Nxd4 Qc7 13. g4 b5 14. g5 b4 15. Nxc6
Qxc6 16. Nd5 exd5 17. gxf6 Bxf6 18. Bxf6 gxf6 19. Rxd5 Qc3 20. Kb1 a5 21. Qg4+
Kh8 22. Qf5 Rfc8 23. e5 fxe5 24. Qf6+ Kg8 25. Rg1+ Kf8 26. Qxd6+ Ke8 27. Rg8#
1-0

[Event "POLFINAL MISTRZOSTW POLSKI JUNIOROW 2019 - C13"]
[Site "Ustron"]
[Date "1899-12-30"]
[Round "2.9"]
[White "Pisarek, Jan"]
[Black "Pieczulis, Hubert"]
[Result "1/2-1/2"]
[WhiteTitle "I"]
[BlackTitle "II"]
[WhiteElo "1534"]
[BlackElo "1346"]

1. e4 e6 2. d4 d5 3. Nd2 Nf6 4. e5 Nfd7 5. Bd3 c5 6. c3 Nc6 7. Ne2 cxd4 8. cxd4
a6 9. O-O b5 10. f4 g6 11. Nb3 Nb6 12. Be3 Nb4 13. Nec1 Nc4 14. Qe2 Bd7 15. a3
Nc6 16. Na2 N6a5 17. Nxa5 Qxa5 18. Bxc4 bxc4 19. Bd2 Qb6 20. Bc3 Ba4 21. Qd2 a5
22. Nc1 Be7 23. Ne2 Bd8 24. Kh1 Qb3 25. Rac1 Qb6 26. Qe3 Be7 27. g4 h5 28. f5
hxg4 29. fxg6 fxg6 30. Qf4 g5 31. Qxg4 Rh4 32. Qg3 Kd7 33. Rf2 Rah8 34. Ng1 Kd8
35. Rcf1 Be8 36. Nf3 R4h5 37. Bd2 Rg8 38. Qg4 Kd7 39. Bc1 Qb3 40. Rg2 Qd3 41.
Rfg1 a4 42. Rd2 Qh7 43. Rdg2 Bg6 1/2-1/2

[Event "POLFINAL MISTRZOSTW POLSKI JUNIOROW 2019 - C13"]
[Site "Ustron"]
[Date "1899-12-30"]
[Round "2.11"]
[White "Kotowicz, Kamil"]
[Black "Szymczyk, Antoni"]
[Result "0-1"]
[WhiteTitle "II"]
[BlackTitle "II"]
[WhiteElo "1512"]
[BlackElo "1305"]

1. d4 d6 2. Bf4 g6 3. Nf3 Bg7 4. e3 Nf6 5. c3 O-O 6. Bd3 Bg4 7. h3 Bxf3 8. Qxf3
Nc6 9. Nd2 e5 10. Bh2 Nd7 11. O-O f5 12. Bb5 e4 13. Qe2 a6 14. Bxc6 bxc6 15. Qc4+
Kh8 16. Qxc6 a5 17. Qa4 Nb6 18. Qc2 Rb8 19. Rfb1 h5 20. b4 axb4 21. Rxb4 Nd5 22.
Rxb8 Qxb8 23. Rb1 Qa7 24. c4 Ne7 25. a4 Ra8 26. Ra1 Nc6 27. Nxe4 Nxd4 28. exd4
Qxd4 29. Nc3 Qxc3 30. Qxc3 Bxc3 31. Ra3 Bb4 32. Ra2 Re8 33. Bg3 Ba5 34. f3 Re3
35. Bf4 Rc3 36. Bd2 Bb6+ 37. Kf1 Rxc4 38. a5 Ba7 39. Ke2 c6 40. a6 Kg7 41. Rb2
Kf6 42. Rb7 Bc5 43. Rb8 Ra4 44. Ra8 Ke5 45. g3 Kd4 46. a7 Kc4 47. Rc8 Rxa7 48.
Rxc6 Re7+ 49. Kd1 Kd3 50. Ra6 Re2 51. Be1 Rh2 52. h4 Rh1 53. g4 Bb4 54. Ra3+ Bxa3
55. f4 Bb4 0-1

[Event "POLFINAL MISTRZOSTW POLSKI JUNIOROW 2019 - C13"]
[Site "Ustron"]
[Date "1899-12-30"]
[Round "2.12"]
[White "Kultucki, Kamil"]
[Black "Pancewicz, Szymon"]
[Result "1-0"]
[WhiteTitle "II"]
[BlackTitle "I+"]
[WhiteElo "1345"]
[BlackElo "1764"]

1. e4 c5 2. Nf3 Nc6 3. d4 cxd4 4. Nxd4 Nf6 5. Nc3 e5 6. Ndb5 d6 7. Be3 a6 8. Na3
b5 9. Nd5 Rb8 10. Bd3 Be7 11. c3 O-O 12. O-O Ng4 13. Nc2 Nxe3 14. Ncxe3 Bg5 15.
Qc2 Bxe3 16. Nxe3 Be6 17. Nd5 Ne7 18. Nxe7+ Qxe7 19. Rad1 Rfc8 20. Qd2 Rb6 21.
Bb1 Bc4 22. Rfe1 h6 23. f4 exf4 24. Qxf4 b4 25. cxb4 Rxb4 26. b3 Be6 27. Qxd6
Qa7+ 28. Kh1 Rb7 29. Bd3 Rb6 30. Qd4 Qc7 31. e5 Rc6 32. Qf4 a5 33. Qe4 g6 34.
Qf4 Kh7 35. Rf1 h5 36. Qg5 Kg8 37. Be4 Rc5 38. Bxg6 Rxe5 39. Bxf7+ Kf8 40. Bxe6+
Ke8 41. Qg8+ Ke7 42. Qf7# 1-0

[Event "POLFINAL MISTRZOSTW POLSKI JUNIOROW 2019 - C13"]
[Site "Ustron"]
[Date "1899-12-30"]
[Round "2.13"]
[White "Rylski, Tadeusz"]
[Black "Rzepka, Marcin"]
[Result "1-0"]
[WhiteTitle "II+"]
[BlackTitle "II"]
[WhiteElo "1680"]
[BlackElo "1323"]

1. d4 f5 2. c4 Nf6 3. Nc3 d6 4. g3 g6 5. Bg2 Bg7 6. Nf3 Nc6 7. d5 Ne5 8. Bf4 Nxf3+
9. Bxf3 O-O 10. O-O h6 11. h4 Rb8 12. c5 Nd7 13. cxd6 exd6 14. Qd2 Kh7 15. Nb5
Ra8 16. Rac1 Nc5 17. Be3 a6 18. Nd4 Re8 19. b4 Ne4 20. Qc2 Qf6 21. Bxe4 Rxe4 22.
Nf3 Rxb4 23. Qxc7 f4 24. Bd2 Re4 25. Bc3 Qf8 26. Bxg7 Qxg7 27. Qxd6 Kh8 28. Rc7
Qg8 29. Qf6+ 1-0

[Event "POLFINAL MISTRZOSTW POLSKI JUNIOROW 2019 - C13"]
[Site "Ustron"]
[Date "1899-12-30"]
[Round "2.14"]
[White "Sidlo, Szymon"]
[Black "Nowak, Filip"]
[Result "0-1"]
[WhiteTitle "II"]
[BlackTitle "I"]
[WhiteElo "1244"]
[BlackElo "1629"]

1. e4 c5 2. Nf3 e6 3. d4 cxd4 4. Nxd4 Nf6 5. Nc3 d6 6. g3 Be7 7. Bg2 O-O 8. O-O
a6 9. a4 Qc7 10. Nb3 Nc6 11. f4 Re8 12. g4 Nd7 13. g5 Bf8 14. Qe2 b6 15. Be3 Bb7
16. Rad1 Rad8 17. Qf2 Nc5 18. Bxc5 bxc5 19. Rd2 Rd7 20. Rfd1 Red8 21. Bh3 Re7
22. Bg2 Ree8 23. Bf1 g6 24. Bc4 Bg7 25. Qh4 Qe7 26. Qg3 Nd4 27. Qe3 Nxb3 28. cxb3
Bd4 29. Rxd4 cxd4 30. Qxd4 Qc7 31. b4 e5 32. Nd5 exd4 33. Nxc7 Rxe4 34. Bd5 Bxd5
35. Nxd5 Kg7 36. Kf2 Rde8 37. Rd2 h6 38. Nf6 Rxf4+ 39. Kg3 Rxf6 40. gxf6+ Kxf6
41. Rxd4 Ke5 42. Rc4 Rb8 43. Kf3 d5 44. Rc6 Rxb4 45. Rxa6 Rxb2 46. Ra8 Rxh2 47.
a5 Ra2 48. a6 Ra3+ 49. Ke2 Kf4 50. Rf8 f5 51. Rf6 g5 52. Rxh6 g4 53. Rd6 Ra2+
54. Ke1 Ke5 55. Rb6 g3 56. Rb3 f4 57. Kf1 Ke4 58. Rb4+ d4 59. Rb8 f3 60. Re8+
Kd3 61. a7 Rxa7 62. Re1 Ra2 63. Rd1+ Ke3 64. Rb1 Kf4 65. Rd1 g2+ 66. Kg1 Kg3 67.
Rd2 Ra1+ 0-1

[Event "POLFINAL MISTRZOSTW POLSKI JUNIOROW 2019 - C13"]
[Site "Ustron"]
[Date "1899-12-30"]
[Round "2.15"]
[White "Goszyk, Bartosz"]
[Black "Turowski, Maciej"]
[Result "1-0"]
[WhiteTitle "II+"]
[BlackTitle "II"]
[WhiteElo "1605"]
[BlackElo "1244"]

1. e4 e6 2. d4 d5 3. Nc3 Nf6 4. e5 Nfd7 5. f4 c5 6. Nf3 Nc6 7. Be3 cxd4 8. Nxd4
Bc5 9. Qd2 Bxd4 10. Bxd4 Nxd4 11. Qxd4 Qb6 12. Qxb6 Nxb6 13. Kd2 Bd7 14. b3 Rc8
15. Bb5 a6 16. Bxd7+ Nxd7 17. a4 Ke7 18. Rhe1 Rc7 19. Ne2 Rhc8 20. Nd4 Nb8 21.
Rac1 Nc6 22. Nxc6+ Rxc6 23. c3 f6 24. Kd3 b5 25. axb5 axb5 26. Rc2 f5 27. Ra1
R8c7 28. Ra5 Rb7 29. Rca2 Rbc7 30. Rc2 Rb7 31. g3 Kd7 32. Ra8 Ke7 33. Rg8 Kf7
34. Ra8 Ke7 35. h4 h6 36. h5 Kf7 37. b4 Ke7 38. Rca2 Rbc7 39. R2a3 Rc4 40. R8a7
Kd7 41. Rxc7+ Rxc7 42. Ra6 Rb7 43. Rd6+ Ke7 44. Ra6 Kd7 45. Kd4 Ke7 46. Ra8 Kf7
47. Kc5 Rc7+ 48. Kd6 Rxc3 49. Ra7+ Kg8 50. Kxe6 d4 51. Rd7 Rc4 52. Kxf5 d3 53.
Rxd3 Rc7 54. Rd8+ Kh7 55. Rb8 g5 56. hxg6+ Kg7 57. Rxb5 h5 58. Rb6 h4 59. gxh4
Ra7 60. Rf6 Kh6 61. Rf7 Rxf7+ 62. gxf7 Kg7 63. Ke6 Kf8 64. f5 Kg7 65. Ke7 Kh7
66. e6 Kh8 67. f8=Q+ Kh7 68. Qf6 Kg8 69. Qg5+ Kh7 70. Kf7 1-0

[Event "POLFINAL MISTRZOSTW POLSKI JUNIOROW 2019 - C13"]
[Site "Ustron"]
[Date "1899-12-30"]
[Round "2.16"]
[White "Grzybek, Mikolaj"]
[Black "Taranowicz, Michal"]
[Result "1-0"]
[WhiteTitle "II"]
[BlackTitle "I"]
[WhiteElo "1382"]
[BlackElo "1560"]

1. e4 d6 2. d4 g6 3. Be3 Nf6 4. f3 c6 5. c4 Bd7 6. Nc3 Qc7 7. Bd3 e5 8. d5 Bg7
9. Nge2 O-O 10. O-O Ne8 11. Rc1 f5 12. Bf2 f4 13. c5 g5 14. cxd6 Qxd6 15. dxc6
Nxc6 16. Bc4+ Kh8 17. Nb5 Qe7 18. Bb3 b6 19. Nec3 Nf6 20. Nd5 Nxd5 21. Bxd5 Rac8
22. Bxc6 Bxc6 23. Qd6 Qb7 24. Nxa7 Qxa7 25. Rxc6 Rxc6 26. Qxc6 Qxa2 27. Qxb6 Qa4
28. Bc5 Ra8 29. b4 Qd7 30. Qd6 Qb7 31. Rd1 h5 32. Qe7 Qxe7 33. Bxe7 g4 34. fxg4
hxg4 35. Rd8+ Rxd8 36. Bxd8 Bf8 37. b5 Kg7 38. b6 Kf7 39. Bc7 Bc5+ 40. Kf1 Bxb6
41. Bxb6 Kf6 42. Kf2 1-0

[Event "POLFINAL MISTRZOSTW POLSKI JUNIOROW 2019 - C13"]
[Site "Ustron"]
[Date "1899-12-30"]
[Round "2.17"]
[White "Kubik, Rafal"]
[Black "Latacz, Grzegorz"]
[Result "0-1"]
[WhiteTitle "II+"]
[BlackTitle "II"]
[WhiteElo "1552"]
[BlackElo "1367"]

1. e4 e6 2. d4 d5 3. Nc3 Nf6 4. Bg5 Be7 5. e5 Nfd7 6. h4 h6 7. Bxe7 Qxe7 8. f4
a6 9. Nf3 b5 10. a3 Nb6 11. b3 N8d7 12. Be2 c5 13. O-O c4 14. b4 Bb7 15. Qd2 Bc6
16. Nd1 Na4 17. c3 a5 18. Ne3 O-O 19. f5 exf5 20. Nxf5 Qe6 21. Nh2 f6 22. exf6
Rxf6 23. Bg4 Qf7 24. Rae1 Re8 25. Nd6 Rxe1 26. Nxf7 Rexf1+ 27. Nxf1 Rxf7 28. Be6
axb4 29. Bxf7+ Kxf7 30. axb4 Nf6 31. Ng3 Bd7 32. Qe3 Kg8 33. Kf1 Kh8 34. Ke1 Kg8
35. Kd2 Kf7 36. Qf3 Kg8 37. Kc2 Kf7 38. Qf4 Kg8 39. Kd2 Kh8 40. Nh5 Nxh5 41. Qf8+
Kh7 42. Qf5+ Bxf5 0-1

[Event "POLFINAL MISTRZOSTW POLSKI JUNIOROW 2019 - C13"]
[Site "Ustron"]
[Date "1899-12-30"]
[Round "2.18"]
[White "Bogusz, Alan"]
[Black "Marek, Grzegorz"]
[Result "1-0"]
[WhiteTitle "I"]
[BlackTitle "II"]
[WhiteElo "1878"]
[BlackElo "1302"]

1. e4 e5 2. Nf3 Nc6 3. Bb5 Nf6 4. d3 Bc5 5. O-O d6 6. c3 O-O 7. h3 Bd7 8. Re1 Re8
9. Nbd2 a6 10. Ba4 b5 11. Bc2 a5 12. Nf1 Qc8 13. Be3 Bxe3 14. Rxe3 d5 15. Ng3
d4 16. Re1 b4 17. cxd4 Nxd4 18. Nxd4 exd4 19. Bb3 Be6 20. Rc1 c5 21. e5 Nd7 22.
f4 Bxb3 23. Qxb3 Nb6 24. Ne4 Re6 25. Rxc5 Rc6 26. Nd6 Qc7 27. Rxc6 Qxc6 28. Qxf7+
Kh8 29. Nf5 Qd7 30. e6 Qxf7 31. exf7 Rf8 32. Nxd4 h6 33. Re8 Nd7 34. Ne6 1-0

[Event "POLFINAL MISTRZOSTW POLSKI JUNIOROW 2019 - C13"]
[Site "Ustron"]
[Date "1899-12-30"]
[Round "2.19"]
[White "Pojawa, Jakub"]
[Black "Madajczak, Piotr"]
[Result "1/2-1/2"]
[WhiteTitle "II"]
[BlackTitle "I"]
[WhiteElo "1231"]
[BlackElo "1676"]

1. f4 d5 2. Nf3 c5 3. g3 Nc6 4. Bg2 g6 5. d3 Bg7 6. O-O Nf6 7. Nc3 O-O 8. e4 d4
9. Ne2 e5 10. fxe5 Ng4 11. Bf4 Ngxe5 12. Bxe5 Nxe5 13. Nxe5 Bxe5 14. Nf4 Qb6 15.
b3 Be6 16. Nxe6 Qxe6 17. Qf3 b5 18. Qe2 Rfc8 19. Rfc1 c4 20. Qf1 Rc5 21. b4 Rc7
22. a3 cxd3 23. Bh3 Qb6 24. cxd3 Rc3 25. Qd1 Rd8 26. Rc2 Rd6 27. Rf2 Rdc6 28.
Qf3 Rc7 29. a4 bxa4 30. Rxa4 Rc1+ 31. Kg2 R1c2 32. Ra5 f6 33. Rd5 R7c6 34. Be6+
Kh8 35. Rxe5 Rxf2+ 36. Qxf2 1/2-1/2

[Event "POLFINAL MISTRZOSTW POLSKI JUNIOROW 2019 - C13"]
[Site "Ustron"]
[Date "1899-12-30"]
[Round "2.20"]
[White "Sputowski, Jakub"]
[Black "Fojcik, Kacper"]
[Result "1/2-1/2"]
[WhiteTitle "I"]
[BlackTitle "II"]
[WhiteElo "1655"]
[BlackElo "1286"]

1. e4 c6 2. d4 d5 3. exd5 cxd5 4. c4 Nf6 5. Nc3 g6 6. cxd5 Nxd5 7. Qb3 Nb6 8. Nf3
Bg7 9. Bf4 Be6 10. Qc2 O-O 11. Be2 Nc6 12. Rd1 Nb4 13. Qc1 N4d5 14. O-O Nxf4 15.
Qxf4 Nd5 16. Nxd5 Bxd5 17. b3 Rc8 18. Rc1 Qb6 19. Ne5 Bxe5 20. dxe5 e6 21. h4
Rc6 22. Rxc6 Bxc6 23. h5 Qd8 24. Rd1 Qe7 25. Bf3 Bxf3 26. Qxf3 Rd8 27. hxg6 Rxd1+
28. Qxd1 hxg6 29. Qd4 b6 30. g3 Kg7 31. a4 Qc7 32. Qe3 Qe7 1/2-1/2

[Event "POLFINAL MISTRZOSTW POLSKI JUNIOROW 2019 - C13"]
[Site "Ustron"]
[Date "1899-12-30"]
[Round "2.21"]
[White "Garwacki, Kornel"]
[Black "Trzebinski, Patryk"]
[Result "0-1"]
[WhiteTitle "II"]
[BlackTitle "I"]
[WhiteElo "1207"]
[BlackElo "1607"]

1. e4 c5 2. Nf3 d6 3. d4 cxd4 4. Nxd4 Nf6 5. Nc3 g6 6. Be3 Bg7 7. f3 O-O 8. Qd2
Nc6 9. O-O-O Bd7 10. g4 Ne5 11. Be2 b5 12. h4 b4 13. Nd5 Nxd5 14. exd5 Qa5 15.
Kb1 Qxd5 16. h5 Rfc8 17. hxg6 fxg6 18. Rh2 a5 19. Rdh1 a4 20. Rxh7 Be6 21. Nxe6
Qxe6 22. Bd4 b3 23. c3 bxa2+ 24. Ka1 a3 25. b4 Bf6 26. g5 Qb3 27. c4 Bg7 28. f4
Qb1+ 29. Rxb1 axb1=Q+ 30. Kxb1 Kxh7 31. fxe5 dxe5 32. Ba1 a2+ 33. Kc2 Rf8 34.
Kb3 e4 35. Bxg7 Kxg7 36. Qb2+ Kh7 37. Qa1 Rf2 38. Bg4 Rh2 39. Be6 e3 40. Bd5 Ra7
41. Bf3 e2 42. Bxe2 Rxe2 43. Qh1+ Kg8 44. Qd5+ e6 45. Qd8+ Kh7 46. Qd1 a1=Q 47.
Qxe2 Ra3+ 48. Kc2 Rc3+ 49. Kd2 Qc1# 0-1

[Event "POLFINAL MISTRZOSTW POLSKI JUNIOROW 2019 - C13"]
[Site "Ustron"]
[Date "1899-12-30"]
[Round "2.22"]
[White "Wolski, Michal"]
[Black "Borowik, Karol"]
[Result "1-0"]
[WhiteTitle "II"]
[BlackTitle "II"]
[WhiteElo "1584"]
[BlackElo "1224"]

1. d4 Nf6 2. c4 g6 3. Nc3 Bg7 4. e4 d6 5. Nf3 O-O 6. Be2 e5 7. dxe5 dxe5 8. O-O
c6 9. Bg5 Qe7 10. Qc2 Bg4 11. h3 Bxf3 12. Bxf3 Na6 13. Rfd1 Nc7 14. Be3 Ne6 15.
Ne2 c5 16. Nc3 Nd4 17. Bxd4 cxd4 18. Nd5 Nxd5 19. cxd5 a6 20. Rac1 Rac8 21. Qb3
Bh6 22. Rxc8 Rxc8 23. Bg4 Rb8 24. Qb6 Qd8 25. Qc5 Bf8 26. Qc4 Bh6 27. Rd3 Qd6
28. Rb3 Bf8 29. Qc2 Qc5 30. Qd2 Qd6 31. h4 Be7 32. g3 Bf6 33. Qc2 Be7 34. Rxb7
Rxb7 35. Qc8+ Kg7 36. Qxb7 a5 37. Qb3 Qc5 38. Be2 Qc1+ 39. Kg2 Qc5 40. Bc4 f5
41. exf5 gxf5 42. Qc2 e4 43. b3 d3 44. Qd2 Bf6 45. Qf4 1-0

[Event "POLFINAL MISTRZOSTW POLSKI JUNIOROW 2019 - C13"]
[Site "Ustron"]
[Date "1899-12-30"]
[Round "2.23"]
[White "Klisowski, Bartosz"]
[Black "Polinowski, Konrad"]
[Result "1-0"]
[WhiteTitle "II"]
[BlackTitle "III"]
[WhiteElo "1434"]
[BlackElo "1110"]

1. Nf3 e6 2. g3 Nf6 3. Bg2 b6 4. O-O Bb7 5. c4 Be7 6. Nc3 Ne4 7. Nxe4 Bxe4 8. d4
Bb7 9. Bf4 d6 10. Rc1 Nd7 11. b4 a5 12. a3 O-O 13. Qb3 axb4 14. axb4 Qc8 15. Rfd1
Bc6 16. b5 Bb7 17. Ra1 Re8 18. Ra2 d5 19. Rxa8 Bxa8 20. Rc1 f6 21. cxd5 Bxd5 22.
Qc3 e5 23. dxe5 Bxf3 24. Bxf3 fxe5 25. Bxe5 Nxe5 26. Qxe5 Ba3 27. Qd5+ Kh8 28.
Ra1 Rd8 29. Qg5 h6 30. Qh4 Bd6 31. Ra8 Qxa8 32. Bxa8 Rxa8 33. Kg2 Kh7 34. Qe4+
g6 35. Qxa8 h5 36. f4 Kg7 37. e4 Kf6 38. e5+ Bxe5 39. fxe5+ Kxe5 40. Qc6 1-0

[Event "POLFINAL MISTRZOSTW POLSKI JUNIOROW 2019 - C13"]
[Site "Ustron"]
[Date "1899-12-30"]
[Round "2.24"]
[White "Kozera, Dawid"]
[Black "Dutka, Jan"]
[Result "1-0"]
[WhiteTitle "II"]
[BlackTitle "III"]
[WhiteElo "1423"]
[BlackElo "1033"]

1. e4 e5 2. Nf3 Nc6 3. Bb5 Nf6 4. O-O Bc5 5. c3 O-O 6. d4 exd4 7. cxd4 Bb4 8. a3
Ba5 9. b4 Bb6 10. Nc3 d5 11. Bxc6 bxc6 12. Bg5 Qd7 13. Re1 dxe4 14. Nxe4 Nxe4
15. Rxe4 Ba6 16. Qc2 Rfe8 17. Rae1 Re6 18. Rxe6 fxe6 19. Be3 Re8 20. Ne5 Qd5 21.
Qxc6 Qxc6 22. Nxc6 Bb5 23. Ne5 Rd8 24. Nf3 Bc6 25. Rc1 Bxf3 26. gxf3 Kf7 27. Kf1
Ke7 28. Ke2 Rd6 29. f4 Kd7 30. Kd3 Rd5 31. Rg1 g6 32. Rg5 Kd6 33. Kc4 c6 34. Re5
h6 35. Kd3 h5 36. Ke4 Bd8 37. Kd3 Bf6 38. Re4 a5 39. Bd2 h4 40. bxa5 Rb5 41. Bb4+
Rb7 1-0

[Event "POLFINAL MISTRZOSTW POLSKI JUNIOROW 2019 - C13"]
[Site "Ustron"]
[Date "1899-12-30"]
[Round "2.25"]
[White "Guzik, Michal"]
[Black "Dembicki, Karol"]
[Result "1-0"]
[WhiteTitle "II"]
[BlackTitle "II"]
[WhiteElo "1104"]
[BlackElo "1388"]

1. d4 d5 2. e3 c6 3. Bd3 Nf6 4. f4 Bg4 5. Nf3 e6 6. Nbd2 Nbd7 7. O-O Bd6 8. Qe1
h6 9. h3 Bh5 10. Ne5 Nf8 11. Qf2 Qe7 12. c4 Bg6 13. Bxg6 Nxg6 14. Qg3 Bxe5 15.
fxe5 Nd7 16. cxd5 exd5 17. e4 dxe4 18. Nxe4 O-O 19. Qg4 Kh7 20. Bd2 c5 21. Qh5
cxd4 22. Nf6+ Nxf6 23. exf6 gxf6 24. Bxh6 Rh8 25. Bf8+ Kg8 26. Qxh8+ Kxh8 27.
Bxe7 Nxe7 28. Rxf6 Kg7 29. Rd6 Nc6 30. Rd7 b6 31. Rc1 Rd8 32. Rxd8 Nxd8 33. Kf2
Ne6 34. Rd1 Kf6 35. Kf3 Ke5 36. h4 Nc5 37. h5 d3 38. Ke3 f5 39. g3 Kf6 40. b4
Ne4 41. g4 Ng3 42. Rg1 Ne4 43. gxf5 Kxf5 44. Rf1+ Ke5 45. h6 Nf6 46. Kxd3 Ke6
47. Rh1 Kf7 48. h7 Nxh7 49. Rxh7+ 1-0